000 00313nam a2200133 i 4500
001 bg
100 1 _aMISZEWSKI, Bronisław
245 0 _aPostęp społeczny /
_cBronisław Miszewski.
260 _aWarszawa,
_c1977.
040 _cBPK
041 _apol
942 _cKS
008 s pl f |000 0 pol
999 _c17561
_d17561
856 _uhttp://koha.tu.koszalin.pl/cgi-bin/koha/opac-detail.pl?biblionumber=17561
_yKatalog online BPK